| 000 | 00550cam a2200205ua 4500 | ||
|---|---|---|---|
| 001 | 1686 | ||
| 008 | 110715n ii |||gr||||Z||||||eng | ||
| 020 | _a81-207-2890-4 | ||
| 040 | _cMAIN | ||
| 082 | _a333.7 | ||
| 100 |
_aPanneerselvam, A, _eAuthor. |
||
| 245 | 1 |
_aEnvironment science education _cby A, Panneerselvam |
|
| 250 | _a2nd. | ||
| 260 |
_aNew Delhi: _bSterling publishers pvt. ltd, _c2007. |
||
| 300 |
_a128p: _c23cm. |
||
| 653 | _aEconomics | ||
| 653 | _aEnvironmental science education | ||
| 700 | _aRamakrishnan, Mohana, | ||
| 942 | _cBK | ||
| 999 |
_c1572 _d1572 |
||